| 000 | 00848nam a2200241 u 4500 | ||
|---|---|---|---|
| 005 | 20241016063751.0 | ||
| 008 | 101123s2006 mx r 000 0 spa d | ||
| 020 | _a9972205398 | ||
| 035 | _aUPN01000178747 | ||
| 049 | _aCG | ||
| 050 | 4 |
_aBF723 S3 _bF4.28a |
|
| 100 | 1 |
_aFeldman, Jean R., _d1947- _930773 |
|
| 245 | 1 | 0 |
_aAutoestima para niños : _bjuegos, actividades, recursos, experiencias creativas-- / _cJean R. Feldman ; tr. José Ramón Sánchez Rodríguez. |
| 260 |
_aMéxico : _bAlfaomega : _bNarcea, _c2006. |
||
| 300 | _a263 p. | ||
| 440 | 0 |
_aColección para educadores ; _v865 |
|
| 534 |
_pTítulo original: _tReady-to-use- self-esteem activities for young children |
||
| 650 | 0 |
_aAutoestima en niños _9356 |
|
| 650 | 7 |
_aActividades creativas _2 _9137 |
|
| 650 | 4 |
_aJuegos educativos _93952 |
|
| 905 | _aLibro | ||
| 999 |
_c150850 _d150850 |
||